000 00726nam a2200229 i 4500
001 bg
100 1 _aGRYSA, Krzysztof.
245 1 0 _aZastosowania matematyki w zarządzaniu i ekonomii.
_nCz.1,
_pElementy algebry /
_cKrzysztof Grysa.
250 _aWyd. 2 popr.
260 _aKielce :
_bWydaw. PŚ,
_c2003.
300 _a200 s. :
_brys., tab., wykr. ;
_c23 cm.
490 1 _aSkrypt / [Politechnika Świętokrzyska],
_x0239-6386 ;
_vnr 398
504 _aBibliogr. s. 197.
650 9 _aAlgebra
655 _aPodręczniki akademickie
830 0 _aSkrypt ([Politechnika Świętokrzyska]) ;
_vnr 398
040 _cBPK
041 0 _apol
080 _a512(075.8)
942 _cKS
008 s pl f |000 0 pol
999 _c43930
_d43930
856 _uhttp://koha.tu.koszalin.pl/cgi-bin/koha/opac-detail.pl?biblionumber=43930
_yKatalog online BPK